000 01069cam a22002413a 4500
001 12424
003 PGUSA
005 20140828083249.0
008 040501s2004||||xxu|||||s|||||000 | eng d
040 _aPGUSA
_beng
042 _adc
050 4 _aHV
100 1 _aA-No. 1,
_d1872-1944
245 1 4 _aThe Trail of the Tramp :
_bBy A-No. 1, the Famous Tramp, Written by Himself from Actual Experiences of His Own Life
_h[electronic resource] /
_cA-No. 1
260 _bProject Gutenberg,
_c2004
505 0 _aThe Harvester -- The Samaritans -- The Wreck -- The Drifter -- The Call of the City -- The Golden Rule Hotel -- False Friends -- Busting a Broncho -- The Abyss -- Slippery, the Yegg -- The Wages of Sin is Death -- Scattered to the Winds -- Where is my Brother James -- The Noble Work of the Salvation Army -- Forgive and Forget -- All is Well, that Ends Well.
506 _aPublic domain in the USA.
516 _aElectronic text
653 _aTramps
830 0 _aProject Gutenberg
_v12424
856 4 0 _uhttp://www.gutenberg.org/ebooks/12424
942 _cEB
999 _c241679
_d241679